الإجتهاد الجماعي في الفقه الإسلامي /
محفوظ في:
| المؤلف الرئيسي: | |
|---|---|
| مؤلفون آخرون: | |
| التنسيق: | أطروحة |
| اللغة: | Arabic |
| منشور في: |
Dimashq :
Jami'at Dimashq,
2005
|
| الموضوعات: | |
| الوسوم: |
إضافة وسم
لا توجد وسوم, كن أول من يضع وسما على هذه التسجيلة!
|
| LEADER | 012410000a22002650004500 | ||
|---|---|---|---|
| 008 | 131023s2005 sy f 000 0 ara d | ||
| 040 | |a UIAM |b eng | ||
| 041 | |a ara | ||
| 050 | 4 | |a BP148 | |
| 100 | 1 | |a خالد، خالد حسين | |
| 242 | 1 | 3 | |a al-Ijtihad al-jama'i fi al-fiqh al-Islami |
| 245 | 1 | 2 | |a الإجتهاد الجماعي في الفقه الإسلامي / |c إعداد، خالد حسين الخالد |
| 260 | |a Dimashq : |b Jami'at Dimashq, |c 2005 | ||
| 300 | |a v. ; |c 30 cm. | ||
| 500 | |a "أطروحة لنيل درجة الدكتوراة في أصول الفقه الإسلامي" --On t.p. | ||
| 502 | |a Thesis (M.A.)--Jami'at Dimashq, 2005. | ||
| 504 | |a Includes bibliographical references (497-504) and index. | ||
| 596 | |a 1 | ||
| 650 | 0 | |a Ijtihad (Islamic law) | |
| 655 | |a Theses, Facsimile edition (Islamic) | ||
| 700 | 1 | |a Khalid, Khalid Husayn | |
| 900 | |a arf-lfr | ||
| 999 | |c 435300 |d 464934 | ||
| 952 | |0 0 |6 TI BP 000148 K45I 2005 V2 |7 0 |8 THESES |9 753887 |a IIUM |b IIUM |c MULTIMEDIA |g 590.00 |o ti BP 148 K45I 2005 v2 |p 00011271022 |r 2017-10-23 |t 1 |v 590.00 |y THESIS | ||
| 952 | |0 0 |6 TI BP 000148 K45I 2005 V1 |7 0 |8 THESES |9 754252 |a IIUM |b IIUM |c MULTIMEDIA |g 590.00 |o ti BP 148 K45I 2005 v1 |p 00011271021 |r 2017-10-23 |t 1 |v 590.00 |y THESIS | ||
